000
00299nam a22001337a 4500
008
181031b xxu||||| |||| 00| 0 eng d
020
_a
9780764563935
041
_a
eng
080
_a
370
100
_a
49
101
_a
edu
245
_a
Writng Grammar Usage And Style
_c
Clifs.q
942
_2
udc
_c
BK
999
_c
51258
_d
51258